01600cam a2200337 i 450000100090000000300050000900500170001400800410003101000170007202000430008902000260013204000280015804200080018605000210019408200210021510000320023624503780026825000170064626400730066330000610073633600260079733700280082333800270085150400530087865000370093170000340096870000240100270000310102670000270105777601780108420201982NUST20230413092411.0171213s2018 ne a b 001 0 eng  a 2017059717 a9781138068582 (hardcover : alk. paper) z9781315157771 (eBook) aDLCbengcDLCerdadDLC apcc00aTC175b.P73 201800a627.042223bKNI1 aKnight, Donald W.,eauthor.10aPractical channel hydraulics :broughness, conveyance and afflux /cauthors, Donald W. Knight Emeritus Professor, University of Birmingham, Birmingham, UK, Caroline Hazlewood HR Wallingford, Wallingford, UK, Rob Lamb JBA Consulting, Skipton, UK, Paul G. Samuels HR Wallingford, Wallingford, UK, Koji Shiono, Emeritus Professor, University of Loughborough, Loughborough, UK. a2nd edition. 1aLeiden, The Netherlands :bCRC Press/Taylor & Francis Group,c[2018] axxviii, 605 pages :billustrations (some color) ;c26 cm atextbtxt2rdacontent aunmediatedbn2rdamedia avolumebnc2rdacarrier aIncludes bibliographical references and indexes. 0aChannels (Hydraulic engineering)1 aHazlewood, Caroline,eauthor.1 aLamb, Rob,eauthor.1 aSamuels, Paul G.,eauthor.1 aShiono, Koji,eauthor.08iOnline version:aKnight, Donald W., author.tPractical channel hydraulicsb2nd edition.dLeiden, The Netherlands : CRC Press/Balkema, [2018]z9781315157771w(DLC) 2017059978